Fr. Conceicao Rodrigues College of Engineering

Undocumented Windows (Record no. 22477)

MARC details
000 -LEADER
fixed length control field 00319nam a2200145Ia 4500
082 ## - DEWEY DECIMAL CLASSIFICATION NUMBER
Classification number 005.13 'W'
100 ## - MAIN ENTRY--PERSONAL NAME
Personal name Schulman A & others
245 ## - TITLE STATEMENT
Title Undocumented Windows
260 ## - PUBLICATION, DISTRIBUTION, ETC.
Name of publisher, distributor, etc. Addison Wesley Pub
Place of publication, distribution, etc. Massachusetts
Date of publication, distribution, etc. 1992
300 ## - PHYSICAL DESCRIPTION
Extent 715
546 ## - LANGUAGE NOTE
Language note ENGLISH
654 ## - SUBJECT ADDED ENTRY--FACETED TOPICAL TERMS
Focus term Computer
942 ## - ADDED ENTRY ELEMENTS (KOHA)
Koha item type BOOK
Holdings
Withdrawn status Lost status Damaged status Not for loan Collection Home library Current library Shelving location Date acquired Source of acquisition Cost, normal purchase price Total Checkouts Full call number Barcode Date last seen Cost, replacement price Price effective from Koha item type
        CRC Fr. Agnel's C.Rodrigues College of Engineering Fr. Agnel's C.Rodrigues College of Engineering   17/03/2023 Unique 761.10   005.13 'W' 7637 17/03/2023 761.10 17/03/2023 BOOK
        CRC Fr. Agnel's C.Rodrigues College of Engineering Fr. Agnel's C.Rodrigues College of Engineering   17/03/2023 global books 756.80   7713 17/03/2023 756.80 17/03/2023 BOOK
        CRC Fr. Agnel's C.Rodrigues College of Engineering Fr. Agnel's C.Rodrigues- College of Engineering   17/03/2023       5.43 SCH 9655 09/08/2023   17/03/2023 BOOK